Advocacy for the economic advancement of rural women

Bibliographic Details
Main Author: SITI Hasmah Mohd. Ali 1926-
Format: Book
Published: Kuala Lumpur : Jabatan Hal Ehwal Wanita , 1998
Subjects:

MARC

LEADER 00000cam a2200000 7i4500
001 0000002604
005 20030827.0
020 0 0 |a 9839904876 
090 0 0 |a 305.4091823   |b SIT 1998 
100 0 0 |a SITI Hasmah Mohd. Ali   |f Datin Seri   |c 1926- 
245 1 0 |a Advocacy for the economic advancement of rural women 
260 0 0 |a Kuala Lumpur :   |b Jabatan Hal Ehwal Wanita ,   |c 1998 
300 |a vii, 80 p. :   |b ill. ;   |c 27 cm. 
650 0 0 |a Rural women   |z Pacific Area 
650 0 0 |a Speeches, addresses, etc. 
650 0 0 |a Women   |x Economic conditions   |z Pacific Area 
650 0 0 |a Women   |x Health and hygiene   |z Pacific Area 
650 0 0 |a Women   |x Social conditions   |z Pacific Area 
998 |a JPSM 
999 |a 0000004343   |b Monograph   |c Open Shelf   |e Default branch